[Event "4NCL Division One"]
[Site "Daventry, ENG"]
[Date "2022.10.22"]
[Round "1.11"]
[White "Fodor, Tamas Jr."]
[Black "Murphy, Conor E"]
[Result "1/2-1/2"]
[WhiteElo "2525"]
[BlackElo "2425"]
[PlyCount "52"]
[EventDate "2022.10.22"]
[WhiteTeam "Cheddleton"]
[BlackTeam "Cambridge University 1"]

1. d4 d5 2. c4 e6 3. Nf3 Nf6 4. Nc3 Be7 5. Bf4 O-O 6. e3 b6 7. Bd3 dxc4 8. Bxc4
Ba6 9. Bxa6 Nxa6 10. O-O c5 11. Qe2 Qc8 12. Rac1 Qb7 13. dxc5 Nxc5 14. b4 Ncd7
15. b5 Rfc8 16. h3 h6 17. Be5 Ba3 18. Rc2 a6 19. Rb1 axb5 20. Nxb5 Nxe5 21.
Nxe5 Rxc2 22. Qxc2 Bc5 23. Nc4 Qe4 24. Qb3 Nd5 25. Rd1 Qh4 26. Nd4 Qf6 1/2-1/2

[Event "4NCL Division One"]
[Site "Daventry, ENG"]
[Date "2022.10.22"]
[Round "1.12"]
[White "Bisby, Daniel L"]
[Black "Kirk, Ezra"]
[Result "1/2-1/2"]
[WhiteElo "2277"]
[BlackElo "2440"]
[PlyCount "98"]
[EventDate "2022.10.22"]
[WhiteTeam "Cambridge University 1"]
[BlackTeam "Cheddleton"]

1. e4 c5 2. Nf3 Nc6 3. d4 cxd4 4. Nxd4 e5 5. Nb5 d6 6. c4 Be7 7. N1c3 a6 8. Na3
Be6 9. Nc2 Rc8 10. Nd5 Nf6 11. Bd3 O-O 12. O-O Bxd5 13. cxd5 Nd4 14. Nxd4 exd4
15. Bf4 Nd7 16. Be2 Nc5 17. Bg4 Rc7 18. Qxd4 f5 19. exf5 Bf6 20. Qd2 Re7 21.
Rfe1 Rfe8 22. Bh5 Bxb2 23. Rxe7 Qxe7 24. Bg5 Qe5 25. Bf4 Qxf5 26. Qxb2 Qxh5 27.
Bxd6 Ne4 28. Bf4 Qxd5 29. Be3 Nd6 30. Rb1 b5 31. Bd4 Re4 32. Bc3 Nc4 33. Qc1
Qd3 34. Ba1 Re2 35. a4 Rd2 36. Qe1 Kf7 37. axb5 axb5 38. h3 Qd5 39. Rc1 h6 40.
Bc3 Rd3 41. Qe2 Qd7 42. Ba1 Kg8 43. Re1 Rd5 44. Kh2 Qd6+ 45. g3 Rd2 46. Qg4 Qf8
47. Re8 Rxf2+ 48. Kh1 Rf1+ 49. Kh2 Rf2+ 1/2-1/2

[Event "4NCL Division One"]
[Site "Daventry, ENG"]
[Date "2022.10.22"]
[Round "1.13"]
[White "Pert, Nicholas"]
[Black "McClement, Andrew"]
[Result "1-0"]
[WhiteElo "2540"]
[BlackElo "2226"]
[PlyCount "87"]
[EventDate "2022.10.22"]
[WhiteTeam "Cheddleton"]
[BlackTeam "Cambridge University 1"]

1. d4 Nf6 2. Nf3 e6 3. c4 b6 4. g3 Ba6 5. Qc2 Bb7 6. Bg2 c5 7. d5 exd5 8. cxd5
Nxd5 9. O-O Be7 10. Rd1 O-O 11. a3 Nf6 12. Nc3 Qc8 13. e4 d6 14. Bf4 Rd8 15.
Rd2 Nh5 16. Be3 h6 17. Rad1 Qe6 18. h3 Nd7 19. Nh2 Ne5 20. Nd5 Bxd5 21. exd5
Qc8 22. g4 Nf6 23. f4 Ng6 24. Nf3 Bf8 25. f5 Ne5 26. Nxe5 dxe5 27. d6 e4 28.
Bxe4 Nxe4 29. Qxe4 Qd7 30. Bf4 Rac8 31. h4 c4 32. g5 hxg5 33. hxg5 Re8 34. Qf3
Rc5 35. Rh2 Qxf5 36. Qh3 Qxh3 37. Rxh3 Rd8 38. d7 Rc6 39. Kg2 Bc5 40. a4 Kf8
41. Bc7 Rxc7 42. Re1 f5 43. g6 Rcxd7 44. Rh8# 1-0

[Event "4NCL Division One"]
[Site "Daventry, ENG"]
[Date "2022.10.22"]
[Round "1.14"]
[White "Robertson, J Stuart"]
[Black "Arkell, Keith C"]
[Result "0-1"]
[WhiteElo "2161"]
[BlackElo "2413"]
[PlyCount "58"]
[EventDate "2022.10.22"]
[WhiteTeam "Cambridge University 1"]
[BlackTeam "Cheddleton"]

1. d4 Nf6 2. c4 e6 3. Nc3 Bb4 4. e3 c5 5. Nge2 cxd4 6. exd4 d5 7. c5 O-O 8. a3
Bxc3+ 9. Nxc3 b6 10. b4 bxc5 11. dxc5 e5 12. Bg5 Be6 13. Bb5 h6 14. Bxf6 gxf6
15. Qh5 Kg7 16. Rd1 d4 17. f4 Nd7 18. f5 Bb3 19. Qg4+ Kh7 20. Rd3 Rg8 21. Qh4
dxc3 22. Bxd7 Rxg2 23. Rh3 Qf8 24. Rxc3 Rd8 25. Rxb3 Rxd7 26. Rg3 Rd1+ 27. Kxd1
Qd8+ 28. Ke1 Qd2+ 29. Kf1 Qe2# 0-1

[Event "4NCL Division One"]
[Site "Daventry, ENG"]
[Date "2022.10.22"]
[Round "1.15"]
[White "Pert, Richard G"]
[Black "Stewart, Ashley"]
[Result "1-0"]
[WhiteElo "2412"]
[BlackElo "2084"]
[PlyCount "71"]
[EventDate "2022.10.22"]
[WhiteTeam "Cheddleton"]
[BlackTeam "Cambridge University 1"]

1. e4 c5 2. Nc3 g6 3. Nf3 Bg7 4. d4 cxd4 5. Nxd4 Nc6 6. Be3 Nf6 7. Bc4 Qa5 8.
O-O O-O 9. Nb3 Qc7 10. Be2 d6 11. Nd5 Qb8 12. f3 e6 13. Nxf6+ Bxf6 14. c3 b6
15. a4 Qc7 16. Nd4 a6 17. Nxc6 Qxc6 18. Qb3 Rb8 19. a5 b5 20. c4 b4 21. Ra4
Bxb2 22. Rxb4 Rxb4 23. Qxb4 Be5 24. Rd1 Bd7 25. Qb6 Qxb6 26. axb6 Ba4 27. Rd3
Bc2 28. Ra3 Ra8 29. f4 Bf6 30. e5 dxe5 31. fxe5 Be7 32. c5 a5 33. Bf3 Rc8 34.
Rxa5 Kg7 35. b7 Rd8 36. Ra8 1-0

[Event "4NCL Division One"]
[Site "Daventry, ENG"]
[Date "2022.10.22"]
[Round "1.16"]
[White "Alldritt, Nigel R E"]
[Black "Eggleston, David J"]
[Result "0-1"]
[WhiteElo "2018"]
[BlackElo "2354"]
[PlyCount "102"]
[EventDate "2022.10.22"]
[WhiteTeam "Cambridge University 1"]
[BlackTeam "Cheddleton"]

1. d4 Nf6 2. c4 e6 3. g3 d5 4. Nf3 Be7 5. Bg2 O-O 6. O-O dxc4 7. Qc2 a6 8. Qxc4
b5 9. Qc2 Bb7 10. Bg5 Be4 11. Qc1 Nbd7 12. Nc3 Bb7 13. Rd1 Qc8 14. Ne5 Bxg2 15.
Kxg2 c5 16. Nxd7 Qxd7 17. dxc5 Qc6+ 18. f3 Qxc5 19. Bxf6 gxf6 20. Ne4 Qe5 21.
Rd7 f5 22. Rxe7 fxe4 23. f4 Qd5 24. Qe3 Rac8 25. Ra7 Rc2 26. Rxa6 Rxb2 27. a4
b4 28. Rb6 Rc8 29. Rb5 Qd3 30. Kf2 Rc3 31. Qxd3 exd3 32. a5 Ra3 33. Re1 Raa2
34. Ke3 dxe2 35. Kf2 Kg7 36. g4 Kf6 37. a6 Rxa6 38. Rxe2 Raa2 39. Rxb2 Rxb2+
40. Kg1 b3 41. Rb7 Kg6 42. h3 h5 43. Rb5 hxg4 44. hxg4 Rb1+ 45. Kg2 b2 46. Rb6
f6 47. Kh2 Kf7 48. Rb7+ Ke8 49. Kg2 e5 50. fxe5 fxe5 51. g5 Kf8 0-1

[Event "4NCL Division One"]
[Site "Daventry, ENG"]
[Date "2022.10.22"]
[Round "1.17"]
[White "Boswell, Jacob Connor"]
[Black "Chan, Nevil"]
[Result "1-0"]
[WhiteElo "2110"]
[BlackElo "2012"]
[PlyCount "225"]
[EventDate "2022.10.22"]
[WhiteTeam "Cheddleton"]
[BlackTeam "Cambridge University 1"]

1. d4 b6 2. e4 Bb7 3. Bd3 Nf6 4. Qe2 Nc6 5. c3 e5 6. d5 Ne7 7. a4 a6 8. h4 h5
9. Nh3 Ng6 10. g3 c6 11. c4 Bb4+ 12. Kf1 Qe7 13. Kg2 d6 14. Na3 a5 15. Nc2 Bc5
16. Bg5 Nf8 17. f3 N8h7 18. Rhb1 Nxg5 19. Nxg5 Nd7 20. b4 axb4 21. Nxb4 Bxb4
22. Rxb4 c5 23. Rb3 Ra5 24. Rb5 Rxb5 25. axb5 Nf6 26. f4 O-O 27. Ra7 Ng4 28.
Qa2 Rb8 29. Qa6 Qc7 30. Be2 Nf6 31. fxe5 dxe5 32. Bf3 Ne8 33. Bxh5 Nd6 34. Qa2
g6 35. Bf3 Qd8 36. Be2 Ra8 37. Bd3 Qb8 38. Rxa8 Qxa8 39. Qb2 Qe8 40. Qf2 Qe7
41. Qa2 Bc8 42. Qa1 Kg7 43. Nf3 f6 44. Kf2 Nf7 45. Bf1 Nd6 46. Ke3 Nf7 47. Be2
Qc7 48. Kd3 Kf8 49. Nd2 Nd6 50. Nb1 Qb8 51. g4 Nf7 52. Nc3 Kg7 53. Bf3 Bd7 54.
Be2 Nd6 55. Nd1 Nf7 56. Ne3 Bc8 57. Kc2 Nd6 58. Bf3 Nf7 59. Kb3 Bd7 60. Nd1 Kg8
61. Nf2 Kg7 62. Nd3 Kg8 63. Be2 Kg7 64. Qc3 Kg8 65. Qe1 Kg7 66. Nb2 Qd6 67. Qg3
g5 68. Na4 gxh4 69. Qxh4 Ng5 70. Qh1 Be8 71. Nc3 Bd7 72. Qa1 Qb8 73. Kc2 Nf7
74. Kd3 Nd6 75. Nd1 Nf7 76. Ne3 Ng5 77. Qa6 Bc8 78. Qa2 Bd7 79. Qa3 Bc8 80. Qa1
Bd7 81. Qa4 Nf7 82. Bd1 Bc8 83. Qa1 Bd7 84. Bf3 Ng5 85. Be2 Nf7 86. Nf1 Ng5 87.
Ng3 Bc8 88. Qf1 Qd6 89. Nh5+ Kg6 90. Ke3 Bd7 91. Qa1 Qb8 92. Kd3 Bc8 93. Ng3
Kg7 94. Nf1 Nf7 95. Ne3 Bd7 96. g5 Nxg5 97. Bg4 Bxg4 98. Nxg4 Nh7 99. Ne3 Ng5
100. Nf5+ Kg8 101. Qa6 Qd8 102. Qc8 Nf7 103. Ne7+ Kf8 104. Qxd8+ Nxd8 105. Nc8
Nb7 106. Nxb6 Ke7 107. Na4 Kd6 108. Nc3 Na5 109. Ne2 Nb3 110. Ng3 Nd4 111. Nh5
f5 112. exf5 Nxf5 113. Nf6 1-0

[Event "4NCL Division One"]
[Site "Daventry, ENG"]
[Date "2022.10.22"]
[Round "1.18"]
[White "Sivanandan, Bodhana"]
[Black "Steil-Antoni, Fiona"]
[Result "0-1"]
[WhiteElo "1853"]
[BlackElo "2189"]
[PlyCount "118"]
[EventDate "2022.10.22"]
[WhiteTeam "Cambridge University 1"]
[BlackTeam "Cheddleton"]

1. e4 d6 2. d4 Nf6 3. Nc3 Nbd7 4. Be3 e5 5. Bd3 Be7 6. Nge2 O-O 7. O-O c6 8.
Re1 Re8 9. Ng3 Bf8 10. Qd2 Ng4 11. Rad1 Nxe3 12. Qxe3 Qb6 13. dxe5 Qxb2 14. Bc4
Nxe5 15. Bb3 Kh8 16. Qd2 b5 17. Nf5 Bxf5 18. exf5 Nc4 19. Bxc4 bxc4 20. Rxe8
Rxe8 21. h3 d5 22. Rb1 Qa3 23. Re1 Rxe1+ 24. Qxe1 Kg8 25. Kh2 Bd6+ 26. g3 Kf8
27. Qe3 Qc5 28. Qxc5 Bxc5 29. Kg2 Ke7 30. Kf3 Kf6 31. g4 Ke5 32. Ne2 a5 33. a4
d4 34. Nf4 Be7 35. Nh5 Bg5 36. Ke2 g6 37. Ng7 Bf6 38. Ne8 gxf5 39. gxf5 Be7 40.
Ng7 Kf6 41. Nh5+ Kxf5 42. Ng3+ Ke5 43. Kf3 f5 44. Ne2 d3 45. cxd3 cxd3 46. Nc3
Kd4 47. Nd1 c5 48. Kg2 f4 49. Kf1 c4 50. f3 c3 51. Nf2 c2 52. Kg2 c1=Q 53. Ng4
d2 54. Nf2 d1=Q 55. Nxd1 Qxd1 56. Kf2 Qd2+ 57. Kg1 Ke3 58. Kh1 Kxf3 59. Kg1
Qg2# 0-1

[Event "4NCL Division One"]
[Site "Daventry, ENG"]
[Date "2022.10.22"]
[Round "1.21"]
[White "Bobras, Piotr"]
[Black "Wall, Gavin"]
[Result "1/2-1/2"]
[WhiteElo "2490"]
[BlackElo "2300"]
[PlyCount "80"]
[EventDate "2022.10.22"]
[WhiteTeam "Chess.com Manx Liberty"]
[BlackTeam "Gonzaga"]

1. e4 e5 2. Nf3 Nc6 3. Bb5 a6 4. Ba4 d6 5. O-O Nge7 6. c3 Ng6 7. d4 Bd7 8. Be3
Be7 9. Nbd2 O-O 10. Re1 Nh4 11. Nxh4 Bxh4 12. Nf3 Bf6 13. h3 Qe7 14. Bc2 g6 15.
Qd2 Bg7 16. b4 Kh8 17. dxe5 Nxe5 18. Nxe5 Qxe5 19. Bd4 Qe7 20. e5 Rfd8 21. exd6
Qxd6 22. Bxg7+ Kxg7 23. Qxd6 cxd6 24. Bb3 Kf8 25. Rad1 Bc6 26. a4 b6 27. Rd4
Rd7 28. f3 Rc8 29. Kf2 Bb7 30. Re3 a5 31. Ke1 Re7 32. Rxe7 Kxe7 33. Kd2 Rc7 34.
Rf4 f5 35. h4 Bc8 36. g4 Be6 37. Bc2 fxg4 38. fxg4 d5 39. g5 Kd6 40. Bd3 Ke5
1/2-1/2

[Event "4NCL Division One"]
[Site "Daventry, ENG"]
[Date "2022.10.22"]
[Round "1.22"]
[White "Delaney, Killian"]
[Black "Cyborowski, Lukasz"]
[Result "0-1"]
[WhiteElo "2334"]
[BlackElo "2490"]
[PlyCount "72"]
[EventDate "2022.10.22"]
[WhiteTeam "Gonzaga"]
[BlackTeam "Chess.com Manx Liberty"]

1. e4 c5 2. Nf3 e6 3. g3 Nc6 4. Bg2 Nf6 5. Qe2 d6 6. O-O Be7 7. c3 e5 8. Na3
O-O 9. d3 Re8 10. Nc4 Be6 11. Ng5 Bg4 12. f3 Bh5 13. Ne3 d5 14. Nf5 h6 15. Nh3
c4 16. exd5 cxd3 17. Qxd3 Nxd5 18. f4 Bc5+ 19. Kh1 e4 20. Qc4 Bb6 21. Re1 Qd7
22. Ne3 Bxe3 23. Bxe3 Bf3 24. Ng1 Nxe3 25. Rxe3 Qd2 26. Bxf3 Qxe3 27. Bh5 Re7
28. Rd1 Qb6 29. b4 Rd8 30. Re1 Rde8 31. a4 Nb8 32. Rd1 Qc6 33. Qb3 Nd7 34. Be2
a6 35. b5 Qc7 36. Qb4 a5 0-1

[Event "4NCL Division One"]
[Site "Daventry, ENG"]
[Date "2022.10.22"]
[Round "1.23"]
[White "Csonka, Balazs"]
[Black "Li, Henry"]
[Result "1-0"]
[WhiteElo "2495"]
[BlackElo "2306"]
[PlyCount "63"]
[EventDate "2022.10.22"]
[WhiteTeam "Chess.com Manx Liberty"]
[BlackTeam "Gonzaga"]

1. d4 Nf6 2. c4 g6 3. Nc3 Bg7 4. e4 O-O 5. Be3 d6 6. h3 Nc6 7. d5 Ne5 8. f4
Ned7 9. g4 e6 10. dxe6 fxe6 11. Qc2 b6 12. O-O-O Bb7 13. Nge2 e5 14. f5 Nc5 15.
Ng3 gxf5 16. Bxc5 Bh6+ 17. Kb1 bxc5 18. Nxf5 Bf4 19. Bd3 Ne8 20. Rhg1 Ng7 21.
g5 Ne6 22. Nd5 Kh8 23. g6 hxg6 24. Rxg6 Nd4 25. Nxf4 Rxf5 26. Rh6+ Kg7 27. Qg2+
Rg5 28. Rg6+ Rxg6 29. Qxg6+ Kf8 30. Rf1 Ke7 31. Qg7+ Ke8 32. Nd5 1-0

[Event "4NCL Division One"]
[Site "Daventry, ENG"]
[Date "2022.10.22"]
[Round "1.24"]
[White "Thorarinsson, Pall A."]
[Black "Jaracz, Pawel"]
[Result "1/2-1/2"]
[WhiteElo "2200"]
[BlackElo "2463"]
[PlyCount "72"]
[EventDate "2022.10.22"]
[WhiteTeam "Gonzaga"]
[BlackTeam "Chess.com Manx Liberty"]

1. d4 Nf6 2. c4 e6 3. Nf3 Bb4+ 4. Bd2 a5 5. g3 d5 6. a3 Be7 7. cxd5 exd5 8. Bg2
O-O 9. O-O Bf5 10. Nc3 c6 11. Rc1 Nbd7 12. Nh4 Be6 13. Qc2 Re8 14. h3 Nb6 15.
Nf3 Qc8 16. Kh2 Bf5 17. Qb3 Nc4 18. Bg5 Ne4 19. Bxe7 Rxe7 20. Nxe4 Bxe4 21. Qc3
a4 22. Nd2 Bxg2 23. Kxg2 Nd6 24. e3 Re6 25. Qc2 Qc7 26. Rfe1 Qa5 27. b4 axb3
28. Nxb3 Qc7 29. Nc5 Re7 30. a4 g6 31. Rb1 b6 32. Nd3 Nc4 33. Ra1 c5 34. a5
cxd4 35. axb6 Nxb6 36. Qxc7 Rxc7 1/2-1/2

[Event "4NCL Division One"]
[Site "Daventry, ENG"]
[Date "2022.10.22"]
[Round "1.25"]
[White "Turner, Matthew J"]
[Black "Freeman, Gordon"]
[Result "1-0"]
[WhiteElo "2461"]
[BlackElo "2225"]
[PlyCount "83"]
[EventDate "2022.10.22"]
[WhiteTeam "Chess.com Manx Liberty"]
[BlackTeam "Gonzaga"]

1. d4 d5 2. c4 c6 3. cxd5 cxd5 4. Bf4 Nc6 5. e3 Nf6 6. Nc3 Bf5 7. Qb3 Na5 8.
Qa4+ Bd7 9. Qc2 Rc8 10. Nf3 e6 11. Bd3 b5 12. a3 Qb6 13. Ne5 Nc4 14. O-O Bd6
15. Nxd7 Nxd7 16. Bxd6 Nxd6 17. Qe2 a6 18. a4 b4 19. a5 Qb8 20. Na4 Nc4 21.
Bxc4 dxc4 22. Rfc1 O-O 23. Rxc4 Qb5 24. b3 Qxa5 25. Rac1 Qb5 26. Kf1 Rxc4 27.
Rxc4 a5 28. Rc7 Qd5 29. Qc4 Qh5 30. Qc2 Nf6 31. h3 Nd5 32. Rc5 f5 33. Kg1 h6
34. Rxa5 Rf6 35. Nc5 Rg6 36. Ra8+ Kh7 37. Nd7 Nb6 38. Nf8+ Kg8 39. Nxg6+ Nxa8
40. Qc8+ Kh7 41. Qh8+ Kxg6 42. Qe8+ 1-0

[Event "4NCL Division One"]
[Site "Daventry, ENG"]
[Date "2022.10.22"]
[Round "1.26"]
[White "Murray, David"]
[Black "Galyas, Miklos"]
[Result "0-1"]
[WhiteElo "2146"]
[BlackElo "2450"]
[PlyCount "60"]
[EventDate "2022.10.22"]
[WhiteTeam "Gonzaga"]
[BlackTeam "Chess.com Manx Liberty"]

1. e4 c6 2. d4 d5 3. e5 c5 4. Nf3 cxd4 5. Qxd4 Nc6 6. Qf4 e6 7. Bd3 Nb4 8. O-O
Nxd3 9. cxd3 Nh6 10. Bd2 Bd7 11. Bb4 Be7 12. Nc3 O-O 13. Bxe7 Qxe7 14. Rac1
Rac8 15. Nd4 f6 16. exf6 Rxf6 17. Qe5 Qf8 18. h3 Nf7 19. Qe3 e5 20. Nxd5 Rd6
21. Nf3 Rxd5 22. Qxa7 Bc6 23. Qe3 Rcd8 24. Rfd1 Qd6 25. Rc3 Qg6 26. Ne1 e4 27.
d4 Nh6 28. Ra3 Kh8 29. Nc2 Rg5 30. g3 Rf8 0-1

[Event "4NCL Division One"]
[Site "Daventry, ENG"]
[Date "2022.10.22"]
[Round "1.27"]
[White "Kolbus, Dietmar"]
[Black "Venkatesan, Kavin"]
[Result "1/2-1/2"]
[WhiteElo "2292"]
[BlackElo "1983"]
[PlyCount "72"]
[EventDate "2022.10.22"]
[WhiteTeam "Chess.com Manx Liberty"]
[BlackTeam "Gonzaga"]

1. c4 e6 2. Nf3 d5 3. e3 Nf6 4. b3 Be7 5. Bb2 O-O 6. Be2 c5 7. O-O b6 8. d4
cxd4 9. exd4 Bb7 10. Nbd2 Nc6 11. Qb1 Rc8 12. Rd1 Re8 13. Nf1 Bf8 14. Ne3 g6
15. Ne5 Bg7 16. Bf3 Qc7 17. cxd5 Nxe5 18. dxe5 Nxd5 19. Nc4 Bf8 20. Rc1 Qd7 21.
a4 Nf4 22. Rd1 Qc7 23. Be4 Bd5 24. g3 Qb7 25. Nd2 Nh3+ 26. Kf1 Ng5 27. Bxd5
exd5 28. h4 d4 29. Bxd4 Bc5 30. Qb2 Ne6 31. Bxc5 Nxc5 32. Nc4 Qh1+ 33. Ke2 Qe4+
34. Kf1 Qh1+ 35. Ke2 Qe4+ 36. Kf1 Qh1+ 1/2-1/2

[Event "4NCL Division One"]
[Site "Daventry, ENG"]
[Date "2022.10.22"]
[Round "1.28"]
[White "Putar, Lara"]
[Black "Terbe, Julianna"]
[Result "1/2-1/2"]
[WhiteElo "1858"]
[BlackElo "2281"]
[PlyCount "129"]
[EventDate "2022.10.22"]
[WhiteTeam "Gonzaga"]
[BlackTeam "Chess.com Manx Liberty"]

1. d4 d5 2. c4 c6 3. Nf3 Nf6 4. e3 Bf5 5. Nc3 e6 6. Nh4 Bg6 7. Bd2 Nbd7 8. Qb3
Ne4 9. Nxg6 Nxd2 10. Kxd2 hxg6 11. cxd5 cxd5 12. Rc1 Bd6 13. Bd3 O-O 14. Rc2
Nb6 15. Nb5 e5 16. dxe5 Bxe5 17. Kc1 Qf6 18. f4 Bd6 19. Kb1 Rfe8 20. Re2 Re7
21. g4 Bc5 22. Rhe1 a6 23. g5 Qc6 24. Nd4 Bxd4 25. exd4 Rxe2 26. Rxe2 Nc4 27.
Bxc4 dxc4 28. Qe3 Rd8 29. Qe4 Qd7 30. d5 b5 31. Qd4 Qf5+ 32. Qe4 Rxd5 33. Qxf5
gxf5 34. Re8+ Kh7 35. Ra8 Rd6 36. Kc2 Kg6 37. Ra7 f6 38. gxf6 Kxf6 39. Kc3 g5
40. fxg5+ Kxg5 41. b3 f4 42. bxc4 Rc6 43. c5 Rxc5+ 44. Kd3 Rc6 45. Rg7+ Kf5 46.
h4 Rd6+ 47. Ke2 Rh6 48. Rg5+ Ke4 49. h5 Rc6 50. Rg6 Rc2+ 51. Ke1 Rxa2 52. h6
Kf3 53. Rd6 Rh2 54. Rxa6 Rh1+ 55. Kd2 Kf2 56. Rf6 f3 57. Kd3 Rh5 58. Ke4 Rh4+
59. Rf4 Rxh6 60. Rxf3+ Ke2 61. Rb3 Rh5 62. Rb2+ Kd1 63. Kd3 Kc1 64. Rb4 Rg5 65.
Kc3 1/2-1/2

[Event "4NCL Division One"]
[Site "Daventry, ENG"]
[Date "2022.10.22"]
[Round "1.31"]
[White "Grieve, Harry"]
[Black "Gormally, Daniel W"]
[Result "1-0"]
[WhiteElo "2497"]
[BlackElo "2460"]
[PlyCount "67"]
[EventDate "2022.10.22"]
[WhiteTeam "The Sharks 1"]
[BlackTeam "Blackthorne"]

1. e4 c5 2. Nf3 d6 3. d4 cxd4 4. Nxd4 Nf6 5. Nc3 a6 6. Bg5 Nbd7 7. Bc4 g6 8.
Qe2 Bg7 9. O-O-O O-O 10. f4 Qa5 11. Rhe1 e5 12. Nf3 Qc7 13. Bb3 h6 14. Bxf6
Nxf6 15. Qd2 exf4 16. Qxf4 Nh5 17. Qxd6 Qxd6 18. Rxd6 Bxc3 19. bxc3 Kg7 20. Ne5
Nf4 21. Rf1 Ne6 22. Nd7 Bxd7 23. Rxd7 Rae8 24. Rxb7 Nd8 25. Ra7 Rxe4 26. Rxa6
Re2 27. Bd5 Ne6 28. Bxe6 fxe6 29. Ra7+ Kg8 30. Rxf8+ Kxf8 31. a4 Rxg2 32. a5
Rg5 33. a6 Ra5 34. Ra8+ 1-0

[Event "4NCL Division One"]
[Site "Daventry, ENG"]
[Date "2022.10.22"]
[Round "1.32"]
[White "Bates, Richard A"]
[Black "Makkar, Rajat"]
[Result "0-1"]
[WhiteElo "2427"]
[BlackElo "2399"]
[PlyCount "74"]
[EventDate "2022.10.22"]
[WhiteTeam "Blackthorne"]
[BlackTeam "The Sharks 1"]

1. d4 d5 2. c4 e6 3. Nf3 Nf6 4. g3 dxc4 5. Bg2 c6 6. O-O b5 7. b3 cxb3 8. axb3
Nbd7 9. Bb2 Bb7 10. Nc3 Bb4 11. Qc2 O-O 12. Rfd1 Qb6 13. e4 Rfc8 14. e5 Nd5 15.
Ng5 Nf8 16. Nce4 h6 17. Nf3 Nd7 18. Rac1 a5 19. Ne1 a4 20. Nd3 a3 21. Ba1 Qc7
22. Nxb4 Nxb4 23. Qd2 Nd5 24. Nd6 Rcb8 25. Nxb5 cxb5 26. Rxc7 Nxc7 27. d5 Nxd5
28. Qe2 b4 29. Bxd5 Bxd5 30. Rxd5 exd5 31. e6 Nf6 32. Bxf6 gxf6 33. Qh5 Rb7 34.
Qg4+ Kf8 35. exf7 Rxf7 36. Qxb4+ Kg7 37. Qg4+ Kh8 0-1

[Event "4NCL Division One"]
[Site "Daventry, ENG"]
[Date "2022.10.22"]
[Round "1.33"]
[White "Clarke, Brandon G I"]
[Black "Ledger, Andrew J"]
[Result "1-0"]
[WhiteElo "2485"]
[BlackElo "2341"]
[PlyCount "55"]
[EventDate "2022.10.22"]
[WhiteTeam "The Sharks 1"]
[BlackTeam "Blackthorne"]

1. e4 c6 2. d4 d5 3. e5 Bf5 4. Nf3 e6 5. Be2 Ne7 6. O-O Bg6 7. Nbd2 c5 8. c4
cxd4 9. Nxd4 Nec6 10. Qa4 Bc5 11. Nxc6 Nxc6 12. Nb3 Bb6 13. c5 Bc7 14. Ba6 bxa6
15. Qxc6+ Kf8 16. Re1 a5 17. Bd2 Rb8 18. Bxa5 Bxa5 19. Nxa5 Rxb2 20. Qd6+ Ke8
21. c6 Rb5 22. Re3 d4 23. Rb3 Rxb3 24. axb3 d3 25. Nb7 Qxd6 26. Nxd6+ Kd8 27.
Rxa7 d2 28. Rd7# 1-0

[Event "4NCL Division One"]
[Site "Daventry, ENG"]
[Date "2022.10.22"]
[Round "1.34"]
[White "Duncan, Chris R"]
[Black "Moreby, James"]
[Result "0-1"]
[WhiteElo "2283"]
[BlackElo "2400"]
[PlyCount "150"]
[EventDate "2022.10.22"]
[WhiteTeam "Blackthorne"]
[BlackTeam "The Sharks 1"]

1. Nf3 d5 2. d4 c6 3. c4 e6 4. cxd5 exd5 5. Nc3 Bf5 6. Bf4 Qb6 7. Qd2 Nf6 8. a3
Nbd7 9. e3 Ne4 10. Nxe4 dxe4 11. Ne5 Nf6 12. Be2 Be7 13. O-O O-O 14. b4 Qd8 15.
Qb2 Nd5 16. Bg3 Be6 17. Rfc1 a6 18. Nc4 f5 19. Bf1 Rf6 20. Qc2 Rh6 21. Be5 g5
22. Na5 Ra7 23. Nb3 Bc8 24. Bc4 b6 25. f3 exf3 26. gxf3 b5 27. Bxd5+ Qxd5 28.
e4 fxe4 29. fxe4 Qe6 30. Nc5 Bxc5 31. bxc5 Rh4 32. Kh1 Qg6 33. Rg1 Be6 34. Raf1
Rf7 35. Rxf7 Bxf7 36. Re1 Bd5 37. Kg1 Rxe4 38. Rxe4 Bxe4 39. Qf2 Bf5 40. Qe3
Be6 41. Bd6 Qf5 42. Bc7 h6 43. Bd8 Kf7 44. Bc7 Bc4 45. Kg2 h5 46. Bd8 Qd5+ 47.
Qf3+ Kg6 48. Qxd5 Bxd5+ 49. Kf2 Kf5 50. Ke3 h4 51. Kf2 Kf4 52. Bc7+ Ke4 53. Bd8
Kxd4 54. Bxg5 h3 55. Ke2 Kxc5 56. Kd3 Bf7 57. Kc3 Kd5 58. Bd8 c5 59. Ba5 Bg6
60. Bd8 Ke4 61. Bb6 Kd5 62. Bd8 Bb1 63. Ba5 Ba2 64. Bd8 Bc4 65. Ba5 Kd6 66. Bd8
Kc6 67. Ba5 Be6 68. Bd8 Bd5 69. Kb2 b4 70. Be7 a5 71. a4 Kb6 72. Bd8+ Ka6 73.
Be7 c4 74. Bd8 Bc6 75. Be7 Bxa4 0-1

[Event "4NCL Division One"]
[Site "Daventry, ENG"]
[Date "2022.10.22"]
[Round "1.35"]
[White "Rendle, Thomas E"]
[Black "Webb, Laurence E"]
[Result "1/2-1/2"]
[WhiteElo "2461"]
[BlackElo "2273"]
[PlyCount "47"]
[EventDate "2022.10.22"]
[WhiteTeam "The Sharks 1"]
[BlackTeam "Blackthorne"]

1. d4 Nf6 2. c4 c5 3. d5 b5 4. Qc2 bxc4 5. e4 d6 6. Bxc4 g6 7. Nc3 Bg7 8. Nf3
Nbd7 9. O-O O-O 10. a4 Nb6 11. Be2 Rb8 12. a5 Na8 13. Bg5 Bg4 14. e5 Bxf3 15.
Bxf3 dxe5 16. Rfe1 Ne8 17. Na4 Nd6 18. Qxc5 h6 19. Bd2 Qd7 20. Qc6 Qf5 21. Qa6
e4 22. Bd1 Nc7 23. Qxa7 Nxd5 24. Qa6 1/2-1/2

[Event "4NCL Division One"]
[Site "Daventry, ENG"]
[Date "2022.10.22"]
[Round "1.36"]
[White "Ledger, Dave J"]
[Black "Purton, Ben J"]
[Result "1-0"]
[WhiteElo "2256"]
[BlackElo "2201"]
[PlyCount "67"]
[EventDate "2022.10.22"]
[WhiteTeam "Blackthorne"]
[BlackTeam "The Sharks 1"]

1. e4 c5 2. Nf3 d6 3. d4 cxd4 4. Nxd4 Nf6 5. Nc3 a6 6. Be3 e6 7. f3 b5 8. a3
Be7 9. Qd2 Bb7 10. g4 Nc6 11. O-O-O O-O 12. g5 Nd7 13. h4 Rc8 14. Nxc6 Rxc6 15.
h5 Ne5 16. Be2 f5 17. g6 h6 18. Rdg1 Bf6 19. Bxh6 gxh6 20. Qxh6 Qe7 21. Qd2
Rfc8 22. h6 R6c7 23. g7 Kh7 24. exf5 exf5 25. Kb1 Qf7 26. Rh3 Qe6 27. f4 Nc4
28. Qd3 Nxa3+ 29. Kc1 Be4 30. Qg3 Bxc3 31. bxc3 Bf3 32. Qxf3 Rxc3 33. Qxc3 Rxc3
34. Rxc3 1-0

[Event "4NCL Division One"]
[Site "Daventry, ENG"]
[Date "2022.10.22"]
[Round "1.37"]
[White "Holland, James P"]
[Black "Ledger, Stephen C"]
[Result "1-0"]
[WhiteElo "2384"]
[BlackElo "2145"]
[PlyCount "143"]
[EventDate "2022.10.22"]
[WhiteTeam "The Sharks 1"]
[BlackTeam "Blackthorne"]

1. e4 d5 2. exd5 Qxd5 3. Nc3 Qd6 4. d4 Nf6 5. Bd3 c6 6. Nge2 Bg4 7. f3 Bh5 8.
Bf4 Qd8 9. Qd2 e6 10. Ne4 Nxe4 11. fxe4 Be7 12. O-O-O Nd7 13. Rde1 Nf6 14. Ng3
Bg6 15. Nf5 exf5 16. exf5 O-O 17. fxg6 hxg6 18. Kb1 Nd5 19. Be5 Qb6 20. c3 c5
21. Bc4 Rad8 22. Bb3 Bf6 23. dxc5 Qxc5 24. Qc2 Ne3 25. Rxe3 Qxe3 26. Bxf6 gxf6
27. Qxg6+ Kh8 28. Qxf6+ Kg8 29. Bxf7+ Kh7 30. Bg6+ Kh6 31. Bf7+ Kh7 32. Qg6+
Kh8 33. Bc4 Rd2 34. g4 Rfd8 35. g5 R2d6 36. Qh5+ Kg7 37. Qf7+ Kh8 38. Qh5+ Kg7
39. Qf7+ Kh8 40. Qf5 Rd1+ 41. Rxd1 Rxd1+ 42. Kc2 Rd2+ 43. Kb3 Qb6+ 44. Ka4 Qc6+
45. Bb5 Qd6 46. Qc8+ Kg7 47. Qxb7+ Kg6 48. h4 Qe6 49. Ka3 Qd6+ 50. Kb3 Qe6+ 51.
Bc4 Qb6+ 52. Qxb6+ axb6 53. Bb5 Rh2 54. Be8+ Kf5 55. g6 Kf6 56. c4 Rxh4 57. a3
Rh2 58. Bf7 Rg2 59. Kc3 Ke5 60. b3 Rg3+ 61. Kb4 Kd6 62. Ka4 Kc5 63. b4+ Kc6 64.
Be8+ Kc7 65. c5 bxc5 66. bxc5 Rg2 67. Kb5 Rb2+ 68. Kc4 Rc2+ 69. Kd5 Re2 70. Bf7
Rg2 71. Ke5 Kc6 72. Ke4 1-0

[Event "4NCL Division One"]
[Site "Daventry, ENG"]
[Date "2022.10.22"]
[Round "1.38"]
[White "Varney, Zoe"]
[Black "Foisor, Mihaela-Veronica"]
[Result "1/2-1/2"]
[WhiteElo "2061"]
[BlackElo "2210"]
[PlyCount "49"]
[EventDate "2022.10.22"]
[WhiteTeam "Blackthorne"]
[BlackTeam "The Sharks 1"]

1. d4 d5 2. c4 e6 3. Nf3 Nf6 4. g3 dxc4 5. Bg2 c5 6. O-O Nc6 7. dxc5 Qxd1 8.
Rxd1 Bxc5 9. Nbd2 c3 10. bxc3 O-O 11. Nb3 Bb6 12. Nfd4 Bd7 13. Nb5 Ne5 14. Nd6
Bc6 15. c4 Rfd8 16. Bf4 Ng6 17. Nxb7 Rxd1+ 18. Rxd1 Nxf4 19. gxf4 Bxb7 20. Bxb7
Rb8 21. c5 Rxb7 22. cxb6 g6 23. bxa7 Rxa7 24. Ra1 Ra3 25. e3 1/2-1/2